| 000 -LEADER |
| fixed length control field |
00788nam a2200265Ia 4500 |
| 001 - CONTROL NUMBER |
| control field |
18461 |
| 003 - CONTROL NUMBER IDENTIFIER |
| control field |
GE_BSU |
| 008 - FIXED-LENGTH DATA ELEMENTS--GENERAL INFORMATION |
| fixed length control field |
181216s||||||||xx |||||||||||||| ||und|| |
| 020 ## - INTERNATIONAL STANDARD BOOK NUMBER |
| International Standard Book Number |
9781593578176 |
| 040 ## - CATALOGING SOURCE |
| Transcribing agency |
GE_BSU |
| 080 ## - UNIVERSAL DECIMAL CLASSIFICATION NUMBER |
| Universal Decimal Classification number |
331 |
| 100 ## - MAIN ENTRY--PERSONAL NAME |
| Personal name |
Crompton,D. Sautter,E. |
| 245 ## - TITLE STATEMENT |
| Title |
Find a Job Trough Social Networking |
| 245 ## - TITLE STATEMENT |
| Remainder of title |
Use Linkedln, Twitter, Facebook, Blogs, and more to Advance your Career |
| 250 ## - EDITION STATEMENT |
| Edition statement |
Second edition |
| 260 ## - PUBLICATION, DISTRIBUTION, ETC. |
| Place of publication, distribution, etc. |
USA |
| 260 ## - PUBLICATION, DISTRIBUTION, ETC. |
| Name of publisher, distributor, etc. |
Jist Works |
| 260 ## - PUBLICATION, DISTRIBUTION, ETC. |
| Date of publication, distribution, etc. |
2011 |
| 300 ## - PHYSICAL DESCRIPTION |
| Extent |
258p. 24cm. |
| 653 ## - INDEX TERM--UNCONTROLLED |
| Uncontrolled term |
Find a Job Trough Social Networking |
| 653 ## - INDEX TERM--UNCONTROLLED |
| Uncontrolled term |
Use Linkedln, Twitter, Facebook, Blogs, and more to Advance your Career |
| 653 ## - INDEX TERM--UNCONTROLLED |
| Uncontrolled term |
კარიერა |
| 653 ## - INDEX TERM--UNCONTROLLED |
| Uncontrolled term |
სოციალური ქსელები |
| 942 ## - ADDED ENTRY ELEMENTS (KOHA) |
| Koha item type |
წიგნი |